Quizzes
Events
Quiz Creation
Community
Videos
Private Events
Remove Ads
Sign In
Join for FREE
Feedback
Dark Mode
Quiz Categories
Sports
Geography
Music
Movies
Television
Just For Fun
Miscellaneous
History
Literature
Language
Science
Gaming
Entertainment
Religion
Holiday
For Kids
Quiz Lab
Recent
Popular Today
Quiz Kudos Today
Editor Picks
Curator Picks
Quizzes by...
Day
Popularity
Type
Ratings
Length
Year
Community
Subscriptions
Recent Discussions
Orange Saloon
Badges
Playlists
Quests
Create
Leaderboards
Showdown
Live 5
Trivia Bingo
Activity
Puzzle Library
Sporcle Events
Private Events
Virtual Trivia
Globe League
Become a Host
Pub Owners
SporcleCon
Opinionation
Our Games
Videos
Blog
Mobile Apps
Partnerships
Remove Ads and Go Orange
Feedback
Sports
Athletes
MLB
NBA
NHL
NFL
Soccer
Sports Teams
WWE
NCAA
Football
Premier League
Basketball
Baseball
Hockey
Golf
Tennis
Cricket
Rugby
Auto Racing
Olympics
World Cup
Sports
Athletes
MLB
NBA
NHL
NFL
Soccer
Sports Teams
WWE
NCAA
Football
Premier League
Basketball
Baseball
Hockey
Golf
Tennis
Cricket
Rugby
Auto Racing
Olympics
World Cup
Random Quiz
Search Sporcle
×
Quiz Lab
Quiz Lab
Sports
Tennis
Type in answers that appear in a list
Type in answers that appear in a list
Classic
Best Score? Go Orange.
Wimbledon Mens Singles 2012 Entries Stats
Can you name the Wimbledon Mens Singles 2012 entries?
By
howslife456
20m
110 Questions
129 Plays
129 Plays
129 Plays
Comments
Comments
Give Quiz Kudos
Give Quiz Kudos
-
- Ratings
hide this ad
Replay
Link that replays current quiz
Next Quiz
Link to next quiz in quiz playlist
You Got
0%
They Got
Avg Score
54%
Avg Friend Score
Upgrade to see
Score Distribution
Jump to the score distribution portion of the page
Score
0/110
Timer
20:00
0
Plays Today
Player
% Correct
Roger Federer
99.2%
Novak Djokovic
98.4%
Rafael Nadal
98.4%
Andy Murray
97.7%
David Ferrer
96.9%
Jo-Wilfried Tsonga
95.3%
Tomas Berdych
88.4%
John Isner
87.6%
Gilles Simon
87.6%
Richard Gasquet
87.6%
Mardy Fish
85.3%
Andy Roddick
84.5%
Janko Tipsarevic
82.9%
Nicolas Almagro
82.2%
Fernando Verdasco
82.2%
Feliciano Lopez
79.1%
Phillip Kohlschreiber
79.1%
Lleyton Hewitt
79.1%
Marian Cilic
78.3%
Bernard Tomic
78.3%
Stanislas Wawrinka
77.5%
David Nalbandian
76.7%
Guillermo Garcia Lopez
76.7%
Milos Raonic
75.2%
Ivo Karlovic
74.4%
Juan-Martin Del Potro
73.6%
Julien Benneteau
73.6%
Kei Nishikori
72.9%
Nicolay Davydenko
72.9%
Juan Monaco
72.1%
Tommy Haas
72.1%
Viktor Troicki
71.3%
Mikhail Youzhny
70.5%
Sam Querrey
69.8%
Fabio Fognini
69%
Kevin Anderson
68.2%
Juan Carlos Ferrero
68.2%
Player
% Correct
Alexandr Dolgopolov
67.4%
Florian Mayer
67.4%
Leonardo Mayer
67.4%
Nicolas Mahut
66.7%
Lukas Rosol
66.7%
Andreas Seppi
64.3%
Grigor Dimitrov
64.3%
Marco Baghdatis
63.6%
Ernests Gulbis
63.6%
Radek Stepanek
62%
Michael Llodra
61.2%
Xavier Malisse
61.2%
James Ward
61.2%
David Goffin
60.5%
Marcel Granollers
58.9%
Jurgen Melzer
58.9%
Jamie Baker
58.1%
Jeremy Chardy
55.8%
Donald Young
55%
Benjamin Becker
54.3%
Ryan Harrison
51.9%
James Blake
51.2%
Potito Starace
50.4%
Benoit Paire
48.8%
Robin Haase
48.1%
Yen-Hsun Lu
48.1%
Jarkko Nieminen
47.3%
Denis Istomin
46.5%
Lukasz Kubot
46.5%
Carlos Berlocq
45.7%
Olivier Rochus
45.7%
Phillipp Petzschner
45%
Albert Ramos
43.4%
Go Soeda
43.4%
Albert Montanes
43.4%
Dimitry Tursunov
43.4%
Pablo Andujar
41.9%
Player
% Correct
Juan Ignasio Chela
41.9%
Steve Darcis
41.1%
Alajandro Falla
41.1%
Igor Andreev
40.3%
Paul-Henri Mathieu
40.3%
Santiago Giraldo
39.5%
Mikhail Kukushkin
38.8%
Filippo Volandri
38.8%
Vasek Pospisil
38%
Dustin Brown
38%
Martin Klizan
37.2%
Paolo Lorenzi
37.2%
Matthew Ebden
34.1%
Lukas Lacko
33.3%
Tasuma Ito
33.3%
Oliver Golding
33.3%
Gilles Muller
32.6%
Dudi Sela
31.8%
Blas Kavcic
27.9%
Tobias Kamke
27.9%
Malek Jaziri
25.6%
Marinko Matosevic
25.6%
Edouard Roger-Vasselin
24.8%
Bjorn Phau
24.8%
Rui Machado
24.8%
Josh Goodall
24.8%
Michael Russell
24%
Cedrick-Marcell Stebe
18.6%
Flavio Cipolla
18.6%
Igor Kunitsyn
18.6%
Tomaz Belluci
16.3%
Mattius Bachinger
14%
Alex Bogolomov Jr.
7%
Ruben Ramirez-Hildago
0.8%
Adrian Ungar
0%
Sergiy Stakhowski
0%
Quiz Playlist
Details
Report
Send in Message
Add To Playlist
Classic:
Type in answers that appear in a list
Last Updated: Feb 16, 2017
Quiz Scoreboard
CHALLENGE
Sign Up to Join the Scoreboard
Show All
Scores
Hide
Comments
May contain spoilers
Recently Published
1-10 Letter E Words III
by El_Dandy
Language
2m
One Thing in Common: World Cities II
by knightlancer
Geography
7m
Popular People in 1961
by mucciniale
History
6m
More to Explore
Quiz From the Vault
Featured Blog Post
Where Did the Easter Bunny Come From?
hide this ad
You Might Also Like...
Tags
Tennis Quiz
ATP
ATP Players
Grand Slam
Wimbledon
Wimbledon Seeds
Wimbledon Winners
Today's Top Quizzes in Sports
Browse Sports
hide this ad
Today's Top Quizzes in Tennis
Browse Tennis
Top Contributed Quizzes in Sports
1
Les meilleurs buteurs des matchs entre le PSG et l’OM
2
Les entraîneurs de l'OM et du PSG au 21e siècle
3
FIFA Club World Cup Champions
4
2022 World Cup Stars
5
Name the Premier League winners with different clubs
6
La finale Lions - Afrique du Sud 2021
7
Criteria MLB: Left Handed Sluggers
8
Players with Multiple 50 Home Run Seasons
9
MLB Players with Two .350 Batting Average Seasons
10
MLB Hall of Famer by Rings
Explore More
Trending Topics
Crossword
Harry Potter
Kpop
Disney
Marvel
NBA
Anime
NFL
WWE
Soccer
Pokémon
Puzzle
Country
Song
The Office
hide this ad
More By:
howslife456
Quiz
Plays
Rating
Category
Featured
Created
Moto GP World Champions (including 500cc)
2,955
2.20
Sports
Jul 7, 2012
Beyonce vs Rihanna
1,391
1.56
Music
Jul 5, 2012
Valentino Rossi Quiz
1,388
3.29
Sports
Jul 30, 2012
Family Guy Who Wants To Be A Millionaire
997
2.00
Television
Jun 10, 2012
Moto GP Riders 2012
515
3.00
Sports
Jun 10, 2012
Go to Creator's Profile
Score Distribution
Quiz Creator Spotlight
howslife456
Follow
Send a Message
Quizzes Created
-
Created Quiz Play Count
-
More By This Creator
Popular Quizzes Today
1
Find the US States - No Outlines Minefield
2
Find the Countries of Europe - No Outlines Minefield
3
The Countries of the World
4
Popular People in 1961
5
1-10 Letter E Words III
6
Find the US States
7
One Thing in Common: World Cities II
8
US States
More Sports Quizzes
All Germany Players since 2000
Quiz Lab
Trending Quizzes
Risky Map Clicking: Least Populous States A-Z
1-10 Letter F Words
1-10 Letter G Words
One Thing in Common: United Kingdom
Risky Map Clicking: Biggest States A-Z
Recently Updated
Leaping Animals
pecheneg
Reality TV Shows (A-Z)
bhenderson79
Rickey Henderson's Hall of Fame Teammates
pecheneg
Champions League XIs: Arsenal
pecheneg
Quick Pick: Celebrities in WWE's Hall of Fame
aduchscher
A-Z Keypad Blitz II
pecheneg
Multiple Oscar Actors
pecheneg
Mystery Phrase Blitz: Oscar 'Best Actors'
pecheneg
F. Scott Fitzgerald Novels
LTH
Pick 3 Villains
ddd62291
Trending Topics
Anime
Marvel
Kpop
Crossword
Harry Potter
Disney
NBA
NFL
Soccer
The Office
Song
Country
Puzzle
Pokémon
WWE
Your Account Isn't Verified!
In order to create a playlist on Sporcle, you need to verify the email address you used during registration. Go to your
Sporcle Settings
to finish the process.
Report this User
Report this user for behavior that violates our
Community Guidelines
.
Details:
Send Report
Go to the Sporcle.com Mobile Site →
Comments